Analýza výsledkov prieskumu využívania aktivizujúcich vyučovacích metód

Analýza dosiahnutých výsledkov v rámci prieskumu, zameraného na využívanie aktivizujúcich vyučovacích metód na školách ekonomického zamerania. Návrhy na zlepšenie situácie v používaní týchto vyučovacích metód.

Saved in:
Bibliographic Details
Main Author: Orbánová, Darina
Format: Book Chapter
Language:Slovak
Subjects:
Tags: Add Tag
No Tags, Be the first to tag this record!

MARC

LEADER 00000naa$a2200000$$$4500
001 0093096
005 20240502083236.2
041 0 |a slo 
044 |a CZ 
245 1 0 |a Analýza výsledkov prieskumu využívania aktivizujúcich vyučovacích metód  |c Darina Orbánová 
520 |a Analýza dosiahnutých výsledkov v rámci prieskumu, zameraného na využívanie aktivizujúcich vyučovacích metód na školách ekonomického zamerania. Návrhy na zlepšenie situácie v používaní týchto vyučovacích metód. 
610 2 0 |a výučba vedecká 
610 2 0 |a metódy 
610 2 0 |a hypotézy 
100 1 |a Orbánová, Darina